| 000 | 00812nam a22002297a 4500 | ||
|---|---|---|---|
| 999 |
_c525424 _d525424 |
||
| 003 | NUST | ||
| 005 | 20190702060224.0 | ||
| 008 | 190702b ||||| |||| 00| 0 eng d | ||
| 038 | _aIESE | ||
| 040 | _c0 | ||
| 050 | _a363.7 AWA | ||
| 082 | _a636.7 AWA | ||
| 100 |
_aAwais javaid _916291 |
||
| 245 |
_aPerformance of Microalgae for treatment of wastewater,Leachate and Biodiesel production _cAwais Javaid |
||
| 260 |
_aIslamabad _bIESE (SCEE) NUST _c2018 |
||
| 300 |
_a66p. _bH.B |
||
| 440 |
_aMS Environmental Science _91724 |
||
| 500 | _aThesis MS ES | ||
| 650 |
_aEnvironmental Science _91725 |
||
| 700 | _4Dr. M Anwar Baig (Supervisor) | ||
| 942 |
_2ddc _cTHE _kIESE |
||